Les pays avec plusieurs langues officielles - Statistiques

Statistiques générales
  • Ce quiz a été pris 308 fois
    177 depuis la dernière actualisation
  • Le résultat moyen est 36 sur 68
Statistiques - réponses
Langues officielles Réponse % Correct
Arabe, berbère Algérie
96%
Anglais, afrikaans, zoulou, xhosa et 7 autres langues Afrique du sud
87%
Biélorusse, russe Biélorussie
87%
Néerlandais, français, allemand Belgique
86%
Arabe, berbère Maroc
84%
Hindi, anglais Inde
79%
Grec, turc Chypre
76%
Bosnien, croate, serbe Bosnie Herzégovine
75%
Luxembourgeois, français, allemand Luxembourg
74%
Maltais, anglais Malte
74%
Allemand, français, italien, romanche Suisse
70%
Kazakh, russe Kazakhstan
67%
Anglais, fidjien, hindi Fidji
66%
Ouzbek, russe Ouzbékistan
66%
Finnois, suédois Finlande
65%
Irlandais, anglais Irlande
65%
Kirghize, russe Kirghizistan
65%
Français, malgache Madagascar
65%
Arabe, somali Somalie
62%
Arabe, kurde Irak
61%
Espagnol, guarani, quechua, aymara Bolivie
60%
Anglais, sesotho Lesotho
60%
Dari, pachto Afghanistan
59%
Turkmnène, russe Turkménistan
59%
Anglais, swazi Eswatini
58%
Tadjik, russe Tadjikistan
58%
Anglais, ourdou Pakistan
57%
Espagnol, quechua,aymara Pérou
57%
Albanais, serbe Kosovo
56%
Anglais, français Canada
55%
Anglais, filippino Philippines
55%
Français, créole Haïti
54%
Anglais, marshallais Marshall
54%
Anglais, swahili Kenya
53%
Anglais, tongien Tonga
53%
Anglais, tuvalu Tuvalu
53%
Anglais, tswana Botswana
51%
Anglais, nauruan Nauru
51%
Anglais, samoan Samoa
51%
Français, anglais, kirundi Burundi
49%
Anglais, maori Nouvelle Zélande
49%
Anglais, français, kinyarwanda Rwanda
48%
Latin, italien, français, allemand Vatican
47%
Français, anglais Cameroun
46%
Arabe, français, sikhomor Comores
43%
Anglais, paluan Palaos
43%
Cingalais, Tamoul Sri Lanka
42%
Anglais, français Maurice
41%
Anglais, swahili Tanzanie
41%
Anglais, malais, mandarin, tamoul Singapour
40%
Français, arabe Djibouti
39%
Anglais, swahili Ouganda
38%
Malais, anglais Brunei
37%
Espagnol, guarani Paraguay
37%
Anglais, ndebele, shona et 11 autres langues Zimbabwe
37%
Anglais, gilbertin Kiribati
35%
Français, arabe Tchad
35%
Anglais, arabe, tigrinya Erythrée
34%
Portugais, mirandais Portugal
34%
Anglais, arabe Soudan
34%
Anglais, français, bichelamar Vanuatu
34%
Anglais, français, créole Seychelles
33%
Anglais, chichewa Malawi
32%
Anglais, tok pisin, hiri motu Papouasie Nouvelle Guinée
30%
Anglais, créole Jamaïque
28%
Portugais, tétoum Timor oriental
26%
Espagnol, français, portugais Guinée équatoriale
25%
Français, sango République centrafricaine
24%
Aucun quiz correspondant
Distribution des résultats
% des personnes avec chaque résultat
Percentile par nombre de réponses
Votre historique - résultats
Vous n’avez pas pris ce quiz depuis la dernière actualisation